MARC details
| 000 -CABECERA |
| campo de control de longitud fija |
01494nab a2200301 a 4500 |
| 005 - FECHA Y HORA DE LA ÚLTIMA TRANSACCIÓN |
| campo de control |
20230203063728.0 |
| 008 - ELEMENTOS DE LONGITUD FIJA--INFORMACIÓN GENERAL |
| campo de control de longitud fija |
991125c2019 cr fr p o 000 0 spa d |
| 035 ## - NÚMERO DE CONTROL DEL SISTEMA |
| Número de control de sistema |
UPN01000230937 |
| 040 ## - FUENTE DE LA CATALOGACIÓN |
| Centro catalogador/agencia de origen |
MX-MxUPN |
| Lengua de catalogación |
spa |
| Centro/agencia transcriptor |
MX-MxUPN |
| Normas de descripción |
aacr2 |
| 049 ## - COLECCIÓN |
| Colección |
ART-E |
| 100 1# - ASIENTO PRINCIPAL--NOMBRE PERSONAL |
| Nombre de persona |
Mosquera Mosquera, Carlos Enrique |
| Enlace |
- carlosfilosofo@hotmail.com |
| 100 1# - ASIENTO PRINCIPAL--NOMBRE PERSONAL |
| Nombre de persona |
Rodríguez Lozano, María Nelsy |
| 245 13 - MENCIÓN DE TÍTULO |
| Título |
La escuela de la esperanza: Una nueva categoría ante el contrarrelato de las competencias |
| Medio |
[recurso electrónico en línea] |
| 506 ## - NOTA DE RESTRICCIONES AL ACCESO |
| Limitaciones de acceso |
Acceso abierto |
| 520 3# - NOTA DE RESUMEN, ETC. |
| Sumario, etc. |
El presente manuscrito tiene como finalidad repensar la conducción de la escuela en medio de la dispersión, como un lugar de esperanza frente a la contingencia generalizada y al encauzamiento al cual la sociedad de control la ha sometido, que privilegia un relato sobre la educación en términos de competencias en función de la empresa, y no en el saber convivir con los otros seres, para edificar una sociedad más humana |
| 650 #2 - ASIENTO SECUNDARIO DE MATERIA - TERMINO TEMATICO |
| 9 (RLIN) |
9830 |
| Término de materia o nombre geográfico como elemento de entrada |
Competencia |
| 650 #2 - ASIENTO SECUNDARIO DE MATERIA - TERMINO TEMATICO |
| 9 (RLIN) |
6136 |
| Término de materia o nombre geográfico como elemento de entrada |
Escuelas |
| 650 #2 - ASIENTO SECUNDARIO DE MATERIA - TERMINO TEMATICO |
| Término de materia o nombre geográfico como elemento de entrada |
Esperanza |
| 9 (RLIN) |
22222 |
| 650 #2 - ASIENTO SECUNDARIO DE MATERIA - TERMINO TEMATICO |
| 9 (RLIN) |
5009 |
| Término de materia o nombre geográfico como elemento de entrada |
Subjetividad |
| 653 0# - TERMINO DE INDIZACION - NO CONTROLADO |
| Término no controlado |
Contingencias |
| 653 0# - TERMINO DE INDIZACION - NO CONTROLADO |
| Término no controlado |
Relatos |
| 773 ## - ENLACE AL DOCUMENTO FUENTE/ENTRADA DE REGISTRO ANFITRIÓN |
| Parte(s) relacionada(s) |
Vol. 14, no. 1 (2019), p. 37-53 |
| Título |
Ensayos pedagógicos |
| Número Internacional Normalizado para Publicaciones Seriadas |
2215-3330 |
| 856 40 - LOCALIZACIÓN Y ACCESO ELECTRÓNICOS |
| Identificador Uniforme del Recurso |
<a href="https://www.revistas.una.ac.cr/index.php/ensayospedagogicos/article/view/11848/16097">https://www.revistas.una.ac.cr/index.php/ensayospedagogicos/article/view/11848/16097</a> |
| 856 40 - LOCALIZACIÓN Y ACCESO ELECTRÓNICOS |
| Identificador Uniforme del Recurso |
<a href="http://dx.doi.org/10.15359/rep.14-1.2">http://dx.doi.org/10.15359/rep.14-1.2</a> |
| 902 ## - ELEMENTOS DE DATOS B LOCAL, LDB (RLIN) |
| Creó |
RGJD/020223 |
| Modificó |
RGJD/020223 |
| 905 ## - TIPO DE MATERIAL |
| Tipo de material |
Articulo |
| 942 ## - ELEMENTOS DE PUNTO DE ACCESO ADICIONAL (KOHA) |
| Tipo de ítem Koha |
Artículo Electrónico |